Высшая математика. Контролирующие материалы для организации самостоятельной работы студентов: учебное пособие

מידע ביבליוגרפי
מחבר ראשי: Подскребко Э. Н. Эльвира Николаевна
מחבר תאגידי: Национальный исследовательский Томский политехнический университет (ТПУ)
מחברים אחרים: Пестова Н. Ф. Надежда Федосеевна, Кан Л. А. Лиля Александровна
סיכום:Пособие ориентировано на формирование навыков самостоятельной работы студентов технического вуза, изучающих курс высшей математики. Содержит кодификаторы по представленным разделам курса с перечнем планируемых навыков и умений. Приведены варианты заданий для самостоятельной работы и ответы к ним. Предназначено для студентов всех специальностей технического вуза.
שפה:רוסית
יצא לאור: Томск, Изд-во ТПУ, 2012
נושאים:
פורמט: ספר
KOHA link:https://koha.lib.tpu.ru/cgi-bin/koha/opac-detail.pl?biblionumber=232355

MARC

LEADER 00000nam0a2200000 4500
001 232355
005 20231101231150.0
010 |a 9785438701347 
035 |a (RuTPU)RU\TPU\book\253393 
090 |a 232355 
100 |a 20130212d2012 m y0rusy50 ca 
101 0 |a rus 
102 |a RU 
105 |a a j 001zy 
200 1 |a Высшая математика. Контролирующие материалы для организации самостоятельной работы студентов  |e учебное пособие  |f Э. Н. Подскребко, Н. Ф. Пестова, Л. А. Кан  |g Национальный исследовательский Томский политехнический университет (ТПУ) 
210 |a Томск  |c Изд-во ТПУ  |d 2012 
215 |a 370 с.  |c ил. 
320 |a Библиогр.: с. 367-368. 
330 |a Пособие ориентировано на формирование навыков самостоятельной работы студентов технического вуза, изучающих курс высшей математики. Содержит кодификаторы по представленным разделам курса с перечнем планируемых навыков и умений. Приведены варианты заданий для самостоятельной работы и ответы к ним. Предназначено для студентов всех специальностей технического вуза. 
606 1 |a Математика высшая  |2 stltpush  |3 (RuTPU)RU\TPU\subj\3986  |9 32308 
610 1 |a самостоятельная работа 
610 1 |a контролирующие материалы 
610 1 |a линейная алгебра 
610 1 |a векторная алгебра 
610 1 |a аналитическая геометрия 
610 1 |a математический анализ 
610 1 |a функции одной переменной 
610 1 |a дифференциальное исчисление 
610 1 |a интегральное исчисление 
610 1 |a функции нескольких переменных 
610 1 |a числовые ряды 
610 1 |a функциональные ряды 
610 1 |a функции комплексного переменного 
610 1 |a труды учёных ТПУ 
675 |a 51(076.5)  |v 3 
700 1 |a Подскребко  |b Э. Н.  |c математик  |c доцент Томского политехнического университета, кандидат физико-математических наук  |f 1946-  |g Эльвира Николаевна  |2 stltpush  |3 (RuTPU)RU\TPU\pers\28056 
701 1 |a Пестова  |b Н. Ф.  |c математик  |c ведущий инженер Томского политехнического университета  |f 1932-  |g Надежда Федосеевна  |2 stltpush  |3 (RuTPU)RU\TPU\pers\2960 
701 1 |a Кан  |b Л. А.  |g Лиля Александровна 
712 0 2 |a Национальный исследовательский Томский политехнический университет (ТПУ)  |c (2009- )  |2 stltpush  |3 (RuTPU)RU\TPU\col\15902 
801 1 |a RU  |b 63413507  |c 20130212 
801 2 |a RU  |b 63413507  |c 20130402  |g RCR 
900 |a Высшая математика 
942 |c BK